| 000 | 00696nam a2200205Ia 4500 | ||
|---|---|---|---|
| 003 | GCL | ||
| 005 | 20240530102658.0 | ||
| 008 | 140319s9999 xx 000 0 ara d | ||
| 040 |
_aGCL / _cGCL |
||
| 082 | 0 | 4 |
_a920.962 _bق/ع م |
| 100 | 1 | _aعبدالعظيم رمضان | |
| 245 | 1 | 0 |
_aمذكرات السياسيين والزعماء فى مصر 1891 : 1981 / _cعبدالعظيم رمضان |
| 250 |
_aط2 _bمزيدة ومنقحة |
||
| 260 |
_aالقاهرة : _bمكتبة مدبولى ، _c1989 |
||
| 300 |
_a324 ص ؛ _c24 سم |
||
| 650 | 0 | 4 |
_aمصر _xتاريخ |
| 650 | 0 | 4 |
_aمصر _xالاحوال السياسية |
| 650 | 0 | 4 |
_aالسياسيون _xتراجم |
| 942 |
_2ddc _cBK |
||
| 999 |
_c33952 _d33952 |
||